000 00645nam a22002417a 4500
001 BR9405752
003 BR-BrBNA
005 20230928094327.0
007 ta
008 230509b bl.||||| |||| 00| 0 por d
040 _aBR-BrBNA
_bpor
_cBiblioteca Nacional de Agricultura
041 _a(Por)
072 _aE50
090 _ E50 BR9405752
100 1 _aVeloso, P.D.
245 1 _aO Ministerio do Interior e sua participacao no desenvolvimento nacional
260 3 _aRio de Janeiro, GB (Brasil):
_c1972.
300 _a78 p.
650 _aHabitacao
650 _aSaneamento Rural
909 _a202309
_bLucia
_c55
_dLucia Elande
942 _cBK
999 _c50089
_d50089